000 03043cgm a2200649Ia 4500
003 OCoLC
005 20241220120045.0
007 vd mvaizq
008 070129s2006 xx 139 vleng d
001 ocm80577208
024 1 _a027616062246
035 _a(Sirsi) o80577208
035 _a(OCoLC)80577208
040 _aIHI
_cIHI
_dUINTA
041 1 _aeng
_afre
_aspa
_beng
_bspa
_heng
043 _ae-fr---
049 _aUCLB
092 _a791.437
245 0 0 _aFlyboys
_h[videorecording] /
_c[presented by] Electric Entertainment in association with Skydance Productions and Ingenious Film Partners ; produced by Dean Devlin, Marc Frydman ; directed by Tony Bill ; story by Blake R. Evans ; screenplay by Phil Sears & Blake T. Evans and David S. Ward.
250 _aFullscreen.
260 _a[S.l.] :
_bMGM DVD ;
_aBeverly Hills, Calif. :
_bDistributed by Twentieth Century Fox Home Entertainment,
_cc2006.
300 _a1 videodisc (139 min.) :
_bsd., col. with b&w sequences ;
_c4 3/4 in.
538 _aDVD; region 1; Dolby Digital.
546 _aOpen-captioned in English; soundtrack in English, French or Spanish with optional English or Spanish subtitles.
500 _a"Inspired by the true story."
511 1 _aJames Franco, Martin Henderson, David Ellison, Jennifer Decker, Tyler Labine, Abdul Solis, Jean Reno.
508 _aDirector of photography, Henry Braham ; editor, Ron Rosen ; music by Trevor Rabin.
500 _aOriginally produced as a motion picture in 2006.
500 _aDual layer.
500 _aSpecial feature: audio commentary by director Tony Bill and producer Dean Devlin.
521 8 _aMPAA rating: PG-13; for war action violence and some sexual content.
520 _aA story of the Lafayette Escadrille, young Americans who volunteered to be part of the French military prior to the United States' involvement in WWI, and how they became the country's first fighter pilots.
610 1 0 _aFrance.
_bArmée.
_bEscadrille Lafayette
_vDrama.
_96168225
650 0 _aFighter pilots
_zFrance
_vDrama.
_96506729
650 0 _aAmericans
_zFrance
_vDrama.
_96506730
650 0 _aWorld War, 1914-1918
_xAerial operations
_vDrama.
_96506731
655 0 _aFeature films.
_96168229
655 0 _aWar films.
_9102638
655 0 _aHistorical films.
_96168230
655 0 _aVideo recordings for the hearing impaired.
_96168231
655 7 _aDVD-Video discs.
_2local
_95673658
700 1 _aBill, Tony,
_d1940-
_960353
700 1 _aHenderson, Martin,
_d1974-
_970417
700 1 _aEllison, David.
_950947
700 1 _aDecker, Jennifer.
_96168232
700 1 _aLabine, Tyler.
_95766582
700 1 _aSalis, Abdul.
_96168233
700 1 _aReno, Jean,
_d1948-
_976588
710 2 _aElectronic Entertainment (Firm)
_96168234
710 2 _aSkydance Productions.
_961255
710 2 _aIngenious Film Partners (Firm)
_974344
710 2 _aMGM DVD (Firm)
_96168235
710 2 _aTwentieth Century Fox Home Entertainment, Inc.
_961951
942 _cDVD
_0313
994 _aC0
_bUINTA
998 _aa97988
999 _c43835
_d43835